[Event "HUN-chT2 Barcza 1718"]
[Site "Hungary"]
[Date "2018.02.18"]
[Round "8.12"]
[White "Blahota, Marcell"]
[Black "Pap, Mate"]
[Result "1-0"]
[WhiteElo "1559"]
[BlackElo "1274"]
[PlyCount "63"]
[EventDate "2017.09.24"]
[EventType "team-tourn"]
[EventRounds "11"]
[EventCountry "HUN"]
[SourceTitle "EXT 2021"]
[Source "ChessBase"]
[SourceDate "2020.10.23"]
[SourceVersion "1"]
[SourceVersionDate "2020.10.23"]
[SourceQuality "1"]
[WhiteTeam "Nyiregyhaza SISE"]
[BlackTeam "Mezokovesd"]
[WhiteTeamCountry "HUN"]
[BlackTeamCountry "HUN"]

1. e4 e5 2. Nf3 Nc6 3. Bc4 Be7 4. d4 exd4 5. Nxd4 Nf6 6. Nxc6 dxc6 7. Qxd8+ Bxd8 8. e5 Nd5 9. Nd2 0-0 10. 0-0 Be6 11. c3 a6 12. Bb3 Be7 13. Nf3 h6 14. Nd4 Bc8 15. f4 Bc5 16. Bd2 Be6 17. f5 Bxd4+ 18. cxd4 Bd7 19. Bxd5 cxd5 20. f6 g5 21. h4 gxh4 22. Bxh6 Rfd8 23. Bg7 Kh7 24. Kf2 Kg6 25. Ke3 Kg5 26. Rf4 c6 27. Rh1 h3 28. gxh3 b5 29. h4+ Kg6 30. Rg1+ Kh7 31. Rg5 Kg8 32. Rh5 1-0

[Event "HUN-chT2 Barcza 1718"]
[Site "Hungary"]
[Date "2017.12.17"]
[Round "6.12"]
[White "Simon, Milan Gabor"]
[Black "Pap, Mate"]
[Result "1/2-1/2"]
[WhiteElo "1457"]
[BlackElo "1274"]
[PlyCount "50"]
[EventDate "2017.09.24"]
[EventType "team-tourn"]
[EventRounds "11"]
[EventCountry "HUN"]
[SourceTitle "EXT 2021"]
[Source "ChessBase"]
[SourceDate "2020.10.23"]
[SourceVersion "1"]
[SourceVersionDate "2020.10.23"]
[SourceQuality "1"]
[WhiteTeam "Szirmabesenyo"]
[BlackTeam "Mezokovesd"]
[WhiteTeamCountry "HUN"]
[BlackTeamCountry "HUN"]

1. d4 d5 2. c4 dxc4 3. e4 e6 4. Bxc4 Bb4+ 5. Nc3 Bxc3+ 6. bxc3 Bd7 7. Nf3 Ne7 8. Bf4 0-0 9. 0-0 h6 10. Qc2 Ng6 11. Bg3 Nc6 12. Rab1 b6 13. Rfd1 Nce7 14. Ne5 Nxe5 15. Bxe5 Qe8 16. Bb3 c6 17. Bd6 Qd8 18. Bg3 a5 19. f4 b5 20. Qf2 a4 21. Bc2 Re8 22. Bh4 Qc7 23. Bg3 Qb6 24. Bd3 Rab8 25. Bc2 Ra8 1/2-1/2